[Event "Schachfestival Basel"]
[Site "?"]
[Date "2017.01.03"]
[Round "2.49"]
[White "Curien, Nicolas"]
[Black "Kopylov, Daniel"]
[Result "1-0"]
[WhiteElo "2175"]
[BlackElo "2003"]
[PlyCount "103"]
[EventDate "2017.01.??"]
[EventType "swiss"]
[EventRounds "9"]

1. d4 d5 2. Bf4 Nf6 3. Nc3 c5 4. e3 cxd4 5. exd4 a6 6. h3 Nc6 7. Nf3 Bf5 8. a3
e6 9. Be2 Bd6 10. Bxd6 Qxd6 11. O-O O-O 12. Nh4 Be4 13. Qd2 Rac8 14. Rad1 Ne7
15. Nxe4 dxe4 16. g3 Nf5 17. Nxf5 exf5 18. c4 Rfe8 19. Qg5 Qd7 20. Qf4 h6 21.
h4 Re7 22. Kg2 Rce8 23. d5 e3 24. f3 Nh5 25. Qd4 Qd6 26. f4 Re4 27. Qc3 Nf6 28.
Rd3 Qc5 29. Rc1 Rc8 30. Rdd1 Qe7 31. c5 Ng4 32. d6 Qd8 33. Rd3 Rxf4 34. Bxg4
Rxg4 35. Qe5 f4 36. d7 Rxg3+ 37. Kf1 Ra8 38. Qxf4 Rg6 39. Ke2 Re6 40. Rf1 Rf6
41. Qd4 Re6 42. Rf3 Kf8 43. Rg3 f6 44. Qd5 Re5 45. Qd6+ Kf7 46. Rgxe3 Re7 47.
Kf1 Rxe3 48. Rxe3 Qa5 49. Qe6+ Kg6 50. h5+ Kg5 51. Rg3+ Kf4 52. Rg4+ 1-0

[Event "Schachfestival Basel"]
[Site "?"]
[Date "2017.01.03"]
[Round "2.50"]
[White "Ernst, Heinz"]
[Black "Xheladini, Mahmut"]
[Result "0-1"]
[WhiteElo "1998"]
[BlackElo "2171"]
[PlyCount "98"]
[EventDate "2017.01.??"]
[EventType "swiss"]
[EventRounds "9"]

1. d4 b5 2. e4 Bb7 3. f3 a6 4. Be3 d5 5. Nd2 e5 6. exd5 exd4 7. Bxd4 Bxd5 8.
Bd3 c5 9. Bf2 c4 10. Be4 Nf6 11. Bxd5 Nxd5 12. Ne2 Nc6 13. O-O Bd6 14. a4 Rb8
15. axb5 axb5 16. Ne4 Be5 17. c3 O-O 18. Qc1 Qc7 19. h3 Rfe8 20. Re1 b4 21. Kh1
Ra8 22. Qd2 Rad8 23. Qc1 Na5 24. Qc2 Nb3 25. Ra7 Qc6 26. Ng5 Nf6 27. Nd4 Bxd4
28. Rxe8+ Qxe8 29. cxd4 Qb5 30. Rxf7 Qxg5 31. Qxc4 Qc1+ 32. Qxc1 Nxc1 33. Rb7
Nd3 34. Bh4 Rxd4 35. Bxf6 gxf6 36. Kg1 f5 37. Kf1 f4 38. Rb8+ Kg7 39. Rb7+ Kg6
40. Rb6+ Kg5 41. Rb5+ Kh4 42. Kg1 Nxb2 43. Kh2 Nd1 44. Rb7 h5 45. Rb8 Ne3 46.
Rb7 Rd1 47. Rb8 Nf1+ 48. Kg1 Ng3+ 49. Kf2 Rf1# 0-1

[Event "Schachfestival Basel"]
[Site "?"]
[Date "2017.01.03"]
[Round "2.51"]
[White "Muetsch, Annmarie"]
[Black "Schultze, Joerg Martin"]
[Result "1/2-1/2"]
[WhiteElo "2163"]
[BlackElo "1984"]
[PlyCount "82"]
[EventDate "2017.01.??"]
[EventType "swiss"]
[EventRounds "9"]

1. e4 c6 2. d4 d5 3. f3 dxe4 4. fxe4 e5 5. Nf3 Bg4 6. Bc4 Nd7 7. O-O Ngf6 8. c3
Bh5 9. Bg5 Bd6 10. Nbd2 Qc7 11. Qc2 h6 12. Bxf6 Nxf6 13. dxe5 Bc5+ 14. Nd4 Ng4
15. Qd3 Nxe5 16. Qg3 O-O-O 17. N2b3 Bd6 18. Kh1 Bg6 19. Bd3 Qd7 20. Nf5 Bc7 21.
Be2 Bxf5 22. Rxf5 Rhe8 23. Rff1 Ng6 24. Qf2 Rxe4 25. Bf3 Rf4 26. Qxa7 Nh4 27.
Nc5 Bb8 28. Qxb8+ Kxb8 29. Nxd7+ Rxd7 30. Bh5 Rxf1+ 31. Rxf1 g6 32. Bg4 Rd2 33.
g3 Ng2 34. Bf3 Ne3 35. Re1 Nf5 36. Re2 Rxe2 37. Bxe2 Kc7 38. Kg1 Kd6 39. Bc4 f6
40. Bd3 Ne7 41. Kf2 Ke5 1/2-1/2

[Event "Schachfestival Basel"]
[Site "?"]
[Date "2017.01.03"]
[Round "2.52"]
[White "Pajeken, Jakob Leon"]
[Black "Fehr, Axel"]
[Result "1-0"]
[WhiteElo "1977"]
[BlackElo "2148"]
[PlyCount "63"]
[EventDate "2017.01.??"]
[EventType "swiss"]
[EventRounds "9"]

1. e4 Nf6 2. e5 Nd5 3. c4 Nb6 4. d4 d6 5. exd6 exd6 6. Nf3 Be7 7. Be2 Bg4 8.
O-O O-O 9. Be3 Nc6 10. b3 Bf6 11. Nc3 Re8 12. Rc1 d5 13. c5 Nc8 14. b4 a6 15.
h3 Bf5 16. Qb3 Be6 17. a4 N8e7 18. Bd3 Qd7 19. Ne2 Bf5 20. Bxf5 Nxf5 21. g4 Nh4
22. Nxh4 Bxh4 23. Nf4 Rad8 24. Ng2 Bf6 25. Qc3 Re4 26. Rcd1 h5 27. g5 Qxh3 28.
f3 Rde8 29. fxe4 Bxg5 30. Bd2 Qg4 31. Bxg5 Qxg5 32. Qf3 1-0

[Event "Schachfestival Basel"]
[Site "?"]
[Date "2017.01.03"]
[Round "2.53"]
[White "Ditter, Juergen"]
[Black "Wagner, Benjamin"]
[Result "1/2-1/2"]
[WhiteElo "2140"]
[BlackElo "1926"]
[PlyCount "100"]
[EventDate "2017.01.??"]
[EventType "swiss"]
[EventRounds "9"]

1. e4 e5 2. Nf3 Nc6 3. Nc3 Nf6 4. d4 exd4 5. Nxd4 Bb4 6. Nxc6 bxc6 7. Bd3 d5 8.
exd5 O-O 9. O-O cxd5 10. Bg5 c6 11. Na4 h6 12. Bh4 Re8 13. c4 Bg4 14. f3 Be6
15. Rc1 Rb8 16. a3 Be7 17. c5 Nh5 18. Bxe7 Qxe7 19. Qd2 Qf6 20. Rf2 Bf5 21. Bf1
Bg6 22. b4 Nf4 23. b5 cxb5 24. Nc3 d4 25. Ne4 Qe5 26. Nd6 Re7 27. g3 Ne6 28. f4
Qd5 29. Bg2 Qb3 30. f5 Qxa3 31. fxg6 fxg6 32. Bd5 Kh7 33. Rf3 Qa6 34. Bxe6 Rxe6
35. Qxd4 Qa5 36. Rf7 Re1+ 37. Rxe1 Qxe1+ 38. Kg2 Qe2+ 39. Rf2 Qe6 40. Rd2 b4
41. c6 b3 42. c7 Rf8 43. c8=Q Rxc8 44. Nxc8 Qxc8 45. Qxa7 Qc6+ 46. Kf2 b2 47.
Qb8 Qc5+ 48. Ke2 Qc4+ 49. Ke3 Qc3+ 50. Ke2 Qc4+ 1/2-1/2

[Event "Schachfestival Basel"]
[Site "?"]
[Date "2017.01.03"]
[Round "3.1"]
[White "Svane, Rasmus"]
[Black "Filipovic, Branko"]
[Result "1-0"]
[WhiteElo "2560"]
[BlackElo "2402"]
[PlyCount "77"]
[EventDate "2017.01.??"]
[EventType "swiss"]
[EventRounds "9"]

1. Nf3 Nf6 2. c4 b6 3. g3 Bb7 4. Bg2 g6 5. d4 Bg7 6. O-O O-O 7. d5 Ne4 8. Qc2
Nd6 9. Bf4 Na6 10. e4 f6 11. Nd4 Nf7 12. Nc3 Qc8 13. Bh3 f5 14. exf5 Bxd4 15.
fxg6 Nd6 16. Ne2 Bg7 17. Bg5 h6 18. Bxe7 Re8 19. Bxd6 cxd6 20. Nf4 Re5 21. Rae1
b5 22. Qd2 bxc4 23. Rxe5 dxe5 24. Nh5 Qf8 25. Bxd7 Nc5 26. Bc6 Qd6 27. Qb4 Rb8
28. Bxb7 Rxb7 29. Qxc4 Rxb2 30. Rc1 Nd7 31. Qc8+ Qf8 32. Qxf8+ Bxf8 33. Rc7 Bc5
34. Rxd7 Rxf2 35. Kh1 e4 36. g7 Rf1+ 37. Kg2 Rf2+ 38. Kh3 Bb6 39. Re7 1-0

[Event "Schachfestival Basel"]
[Site "?"]
[Date "2017.01.03"]
[Round "3.2"]
[White "Alvarez Marquez, Johan"]
[Black "Donchenko, Alexander"]
[Result "0-1"]
[WhiteElo "2404"]
[BlackElo "2559"]
[PlyCount "65"]
[EventDate "2017.01.??"]
[EventType "swiss"]
[EventRounds "9"]

1. d4 Nf6 2. c4 c5 3. d5 e6 4. Nc3 exd5 5. cxd5 d6 6. Nf3 g6 7. e4 a6 8. a4 Bg7
9. Nd2 O-O 10. Be2 Re8 11. O-O Nbd7 12. Qc2 Ne5 13. Re1 Bg4 14. Bf1 g5 15. Nc4
h6 16. Nxe5 Rxe5 17. Bd2 Bh5 18. f4 Re8 19. e5 Nd7 20. e6 Nf6 21. h3 g4 22. g3
gxh3 23. Bxh3 c4 24. a5 b5 25. axb6 Qxb6+ 26. Be3 Qb7 27. Qd2 Rab8 28. Ra2 Bf3
29. Bd4 Nxd5 30. Bxg7 Kxg7 31. Qd4+ Nf6 32. Re3 fxe6 33. Qxd6 0-1

[Event "Schachfestival Basel"]
[Site "?"]
[Date "2017.01.03"]
[Round "3.3"]
[White "Schroeder, Jan Christian"]
[Black "Chu, Wei Chao"]
[Result "1/2-1/2"]
[WhiteElo "2550"]
[BlackElo "2289"]
[PlyCount "49"]
[EventDate "2017.01.??"]
[EventType "swiss"]
[EventRounds "9"]

1. e4 c5 2. Nf3 d6 3. d4 cxd4 4. Nxd4 Nf6 5. Nc3 a6 6. g3 e5 7. Nde2 Nbd7 8. a4
b6 9. Bg2 Bb7 10. h3 Nc5 11. Bg5 Be7 12. Bxf6 Bxf6 13. Nd5 g6 14. O-O O-O 15.
b4 Nd7 16. Qd3 Bg7 17. a5 Rc8 18. c4 Re8 19. Rfd1 bxa5 20. Rxa5 Nb6 21. Ne3 Bh6
22. Ng4 Bf8 23. Ne3 Bh6 24. Ng4 Bf8 25. Ne3 1/2-1/2

[Event "Schachfestival Basel"]
[Site "?"]
[Date "2017.01.03"]
[Round "3.4"]
[White "Stillger, Bernhard"]
[Black "Gao, Rui"]
[Result "1/2-1/2"]
[WhiteElo "2261"]
[BlackElo "2544"]
[PlyCount "96"]
[EventDate "2017.01.??"]
[EventType "swiss"]
[EventRounds "9"]

1. Nf3 Nf6 2. c4 c5 3. Nc3 Nc6 4. g3 d5 5. d4 e6 6. cxd5 exd5 7. Bg2 Be7 8. O-O
O-O 9. dxc5 Bxc5 10. Na4 Be7 11. Be3 Bg4 12. Rc1 Re8 13. h3 Bh5 14. Bc5 Rc8 15.
Re1 h6 16. Bxe7 Qxe7 17. Nc3 Rcd8 18. Nd4 Qb4 19. Nxc6 bxc6 20. Qd2 d4 21. Ne4
Qxd2 22. Nxd2 Bxe2 23. Rxc6 d3 24. f4 Nd5 25. Bxd5 Rxd5 26. Kf2 g5 27. Rc4 Kg7
28. b3 gxf4 29. Rxf4 Rc8 30. Rc4 Rf5+ 31. Ke3 Re8+ 32. Re4 Rc8 33. Rc4 Re5+ 34.
Kd4 Rce8 35. Kc3 R8e6 36. Rg1 Re3 37. Rc7 a6 38. Nc4 Rf3 39. Nd2 Rf2 40. b4 Rh2
41. h4 Rf2 42. a4 Bg4 43. Rc4 h5 44. b5 axb5 45. axb5 Rf5 46. Rb1 Rb6 47. Rcb4
Rc5+ 48. Kd4 Rc7 1/2-1/2

[Event "Schachfestival Basel"]
[Site "?"]
[Date "2017.01.03"]
[Round "3.5"]
[White "Deepan Chakkravarthy, J."]
[Black "Metz, Hartmut"]
[Result "1-0"]
[WhiteElo "2485"]
[BlackElo "2255"]
[PlyCount "83"]
[EventDate "2017.01.??"]
[EventType "swiss"]
[EventRounds "9"]

1. Nf3 d5 2. d4 c6 3. c4 Nf6 4. Qb3 dxc4 5. Qxc4 Bf5 6. g3 e6 7. Bg2 Nbd7 8.
O-O Be7 9. e3 O-O 10. Rd1 Qc7 11. Nc3 h6 12. Qe2 Ne4 13. Bd2 Rac8 14. Rac1 Rfd8
15. Be1 Qb8 16. h3 Bh7 17. Nh2 Ndf6 18. Ng4 Nxc3 19. Bxc3 Nxg4 20. Qxg4 Bf8 21.
e4 f5 22. Qe2 fxe4 23. Bxe4 Bxe4 24. Qxe4 Re8 25. Re1 Qc7 26. Re3 Rcd8 27. Qg4
Rd5 28. Rxe6 Rg5 29. Rxe8 Rxg4 30. hxg4 Qd7 31. Rce1 Kf7 32. R8e4 Bd6 33. R1e3
Kg8 34. a3 Kh7 35. Rf3 Bc7 36. Rf8 Bd8 37. d5 cxd5 38. Ref4 Kg6 39. Rg8 d4 40.
Bxd4 Bf6 41. Bxf6 Qd1+ 42. Kh2 1-0

[Event "Schachfestival Basel"]
[Site "?"]
[Date "2017.01.03"]
[Round "3.6"]
[White "Low, Zhen Yu Cyrus"]
[Black "Seul, Georg"]
[Result "1-0"]
[WhiteElo "2245"]
[BlackElo "2405"]
[PlyCount "97"]
[EventDate "2017.01.??"]
[EventType "swiss"]
[EventRounds "9"]

1. e4 d6 2. d4 g6 3. Nc3 Bg7 4. f4 a6 5. Nf3 b5 6. Bd3 Nd7 7. Qe2 c5 8. e5 cxd4
9. Be4 dxc3 10. Bxa8 Qc7 11. exd6 Qb8 12. b3 Qxa8 13. dxe7 Ngf6 14. O-O Qe4 15.
Qd1 Qxe7 16. Re1 Ne4 17. Ba3 b4 18. Qd5 f5 19. Qc4 Qc5+ 20. Qxc5 Ndxc5 21. Bxb4
Ne6 22. g3 Nd4 23. Ng5 Bb7 24. Rac1 h6 25. Nxe4 Bxe4 26. Re3 Nf3+ 27. Kg2 Nd4+
28. Kf1 Kf7 29. Bxc3 Rc8 30. Kf2 Nxc2 31. Bxg7 Kxg7 32. Re2 Rc6 33. Rd2 g5 34.
Rcd1 Rc3 35. Rd7+ Kg6 36. R1d6+ Kh5 37. fxg5 f4 38. gxh6 Rf3+ 39. Ke2 Re3+ 40.
Kd2 f3 41. h7 Re2+ 42. Kc3 Bxh7 43. Rxh7+ Kg5 44. Rf7 Ne1 45. Rd2 Re3+ 46. Kd4
Re6 47. Rf2 Rd6+ 48. Ke3 Re6+ 49. Kd2 1-0

[Event "Schachfestival Basel"]
[Site "?"]
[Date "2017.01.03"]
[Round "3.7"]
[White "Safarli, Eltaj"]
[Black "Van Foreest, Lucas"]
[Result "1-0"]
[WhiteElo "2686"]
[BlackElo "2356"]
[PlyCount "75"]
[EventDate "2017.01.??"]
[EventType "swiss"]
[EventRounds "9"]

1. e4 e5 2. Nf3 Nc6 3. Bb5 a6 4. Ba4 Nf6 5. Qe2 d6 6. O-O Bd7 7. c3 g6 8. d4
Bg7 9. Bxc6 Bxc6 10. dxe5 Nxe4 11. exd6 O-O 12. dxc7 Qxc7 13. Na3 Rfe8 14. Be3
Bf8 15. c4 Bxa3 16. bxa3 Rad8 17. Qb2 b5 18. cxb5 Bxb5 19. Rfc1 Qe7 20. Re1 Rd3
21. Qb4 Qxb4 22. axb4 Nc3 23. h3 Bc6 24. Nd2 Nd5 25. Bh6 Rxe1+ 26. Rxe1 Ba4 27.
Kh2 f6 28. Re6 Bb5 29. Ne4 Kf7 30. Rd6 Ke7 31. a4 Bxa4 32. Rxa6 Bd7 33. Nc5
Nxb4 34. Ra8 Rd5 35. Bf8+ Kf7 36. Nxd7 Nd3 37. Ra7 Ke6 38. Nb6 1-0

[Event "Schachfestival Basel"]
[Site "?"]
[Date "2017.01.03"]
[Round "3.8"]
[White "Warmerdam, Max"]
[Black "Bauer, Christian"]
[Result "1/2-1/2"]
[WhiteElo "2350"]
[BlackElo "2635"]
[PlyCount "116"]
[EventDate "2017.01.??"]
[EventType "swiss"]
[EventRounds "9"]

1. e4 Nc6 2. Nf3 d6 3. d4 Nf6 4. c3 g6 5. Bd3 Bg7 6. O-O O-O 7. Be3 e5 8. Nbd2
h6 9. h3 Nh5 10. Re1 Qf6 11. Bf1 Nf4 12. d5 Ne7 13. c4 c5 14. dxc6 Nxc6 15. Nb3
Rd8 16. Rc1 b6 17. Na1 g5 18. Nh2 Qg6 19. Nc2 Be6 20. b3 Kh8 21. Qf3 h5 22. Qg3
Rg8 23. Rcd1 Rad8 24. Bc1 f5 25. Nf3 Bf6 26. exf5 Qxf5 27. Ne3 Qh7 28. Qh2 Nb4
29. Ba3 Nbd3 30. Bxd3 Nxd3 31. Re2 e4 32. Ne1 Be5 33. g3 Nf4 34. gxf4 gxf4+ 35.
N3g2 f3 36. Bb2 Qf5 37. Bxe5+ dxe5 38. Rxd8 Rxd8 39. Re3 Rg8 40. Kh1 fxg2+ 41.
Kg1 h4 42. Nxg2 Rg5 43. Kf1 Qh7 44. Ne1 a6 45. f3 exf3 46. Rxe5 Bxh3+ 47. Kf2
Qg7 48. Rxg5 Qb2+ 49. Kg1 Qxh2+ 50. Kxh2 f2 51. Rg1 fxg1=Q+ 52. Kxg1 Bf5 53.
Nf3 h3 54. Nd4 Bd7 55. Nc2 Kg7 56. Nb4 a5 57. Nd5 b5 58. cxb5 Bxb5 1/2-1/2

[Event "Schachfestival Basel"]
[Site "?"]
[Date "2017.01.03"]
[Round "3.9"]
[White "Bao, Qilin"]
[Black "Heimann, Andreas"]
[Result "1/2-1/2"]
[WhiteElo "2343"]
[BlackElo "2603"]
[PlyCount "82"]
[EventDate "2017.01.??"]
[EventType "swiss"]
[EventRounds "9"]

1. Nf3 Nf6 2. g3 d5 3. Bg2 g6 4. b3 Bg7 5. Bb2 c5 6. O-O O-O 7. e3 Nc6 8. Ne5
Nxe5 9. Bxe5 Bg4 10. Qe1 Qd7 11. d3 Bh3 12. Nd2 Bxg2 13. Kxg2 Qc6 14. Qe2 Rfd8
15. Kg1 Rac8 16. a4 Qe6 17. f4 Qc6 18. Rad1 b6 19. e4 dxe4 20. dxe4 Rd7 21.
Bxf6 exf6 22. Nc4 Rcd8 23. Rxd7 Rxd7 24. Rf3 Rd4 25. Re3 Bf8 26. c3 Rd8 27. e5
fxe5 28. Nxe5 Qe6 29. Qc4 Qf5 30. Rd3 Rxd3 31. Qxd3 Qe6 32. Qc4 Qxc4 33. bxc4
Bg7 34. Nc6 a6 35. Ne7+ Kf8 36. Nd5 f5 37. Kf2 Kf7 38. Ke3 Bf6 39. Nxb6 Bxc3
40. Nd5 Ba5 41. Kf3 Ke6 1/2-1/2

[Event "Schachfestival Basel"]
[Site "?"]
[Date "2017.01.03"]
[Round "3.10"]
[White "Kunin, Vitaly"]
[Black "Thiel, Thomas"]
[Result "1/2-1/2"]
[WhiteElo "2576"]
[BlackElo "2297"]
[PlyCount "116"]
[EventDate "2017.01.??"]
[EventType "swiss"]
[EventRounds "9"]

1. d4 d5 2. c4 c6 3. Nf3 Nf6 4. Nc3 dxc4 5. a4 Bf5 6. Nh4 Bc8 7. Nf3 Bf5 8. Ne5
Nbd7 9. Nxc4 Qc7 10. g3 e5 11. dxe5 Nxe5 12. Bf4 Nfd7 13. Bg2 g5 14. Bxe5 Nxe5
15. Qd4 f6 16. O-O-O Rd8 17. Qe3 Be7 18. Rxd8+ Kxd8 19. Nxe5 Qxe5 20. Qxa7 Ba3
21. Rd1+ Kc8 22. Qe3 Qxe3+ 23. fxe3 Bc5 24. e4 Be6 25. Rd3 h5 26. Kc2 Kc7 27.
b3 g4 28. e3 h4 29. Ne2 hxg3 30. hxg3 Bf7 31. Nf4 Rh2 32. Kc3 Bd6 33. Rd2 Be5+
34. Kc2 Bd6 35. Re2 Bc5 36. Bf3 Rxe2+ 37. Bxe2 Bxe3 38. Bxg4 Bf2 39. Ne2 b5 40.
a5 Be1 41. a6 Kb6 42. Bc8 Bf2 43. g4 Kc7 44. Bf5 Kb6 45. e5 fxe5 46. g5 Kxa6
47. Nc3 Ka5 48. g6 Bg8 49. Bd7 Kb4 50. Bxc6 Bxb3+ 51. Kd2 Be1+ 52. Kxe1 Kxc3
53. Bxb5 Kd4 54. Ke2 e4 55. Be8 Ke5 56. Ke3 Kf6 57. Bf7 Bxf7 58. gxf7 Kxf7
1/2-1/2

[Event "Schachfestival Basel"]
[Site "?"]
[Date "2017.01.03"]
[Round "3.11"]
[White "Gomes, Mary Ann"]
[Black "Pelletier, Yannick"]
[Result "1/2-1/2"]
[WhiteElo "2299"]
[BlackElo "2576"]
[PlyCount "149"]
[EventDate "2017.01.??"]
[EventType "swiss"]
[EventRounds "9"]

1. Nf3 Nf6 2. c4 c5 3. g3 b6 4. Bg2 Bb7 5. O-O e6 6. b3 Be7 7. Bb2 d6 8. Nc3
O-O 9. Re1 a6 10. e4 Re8 11. d4 cxd4 12. Nxd4 Bf8 13. Qd2 Nbd7 14. Rad1 Qc7 15.
h3 g6 16. g4 Rad8 17. Nde2 Qb8 18. Ng3 h6 19. Qf4 Bc6 20. Ba3 Ne5 21. Qd2 b5
22. cxb5 axb5 23. Bb4 Ba8 24. Nce2 Nc6 25. Bc3 e5 26. g5 hxg5 27. Qxg5 Nh7 28.
Qe3 b4 29. Ba1 Be7 30. f4 Qb5 31. Kh1 exf4 32. Nxf4 Ne5 33. Nge2 Qa6 34. Qd2
Ng5 35. Nd4 Kg7 36. Nd5 Bxd5 37. exd5 Rh8 38. Re3 Qc8 39. Nc6 Nxh3 40. Nxe7 Qg4
41. Rxe5 dxe5 42. Bxe5+ f6 43. Bxf6+ Kxf6 44. Rf1+ Nf2+ 45. Kg1 Rh1+ 46. Kxf2
Qh4+ 47. Ke2+ Rxf1 48. Kxf1 Kxe7 49. Kg1 Rd6 50. Qe3+ Kf6 51. Qc5 Qe1+ 52. Kh2
Qh4+ 53. Kg1 Qf4 54. a4 bxa3 55. Qxa3 Qd4+ 56. Kh2 Rd8 57. Qa6+ Kg5 58. Qe6
Rh8+ 59. Bh3 Qf2+ 60. Kh1 Qf1+ 61. Kh2 Qf2+ 62. Kh1 Qf3+ 63. Kh2 Qf4+ 64. Kg2
Ra8 65. Qe2 Ra1 66. Be6 Rb1 67. d6 Qxd6 68. Qg4+ Kf6 69. Qf3+ Ke7 70. Qb7+ Kf6
71. Qf3+ Kg5 72. Qg4+ Kh6 73. Qh3+ Kg7 74. Qc3+ Kh7 75. Qh3+ 1/2-1/2

[Event "Schachfestival Basel"]
[Site "?"]
[Date "2017.01.03"]
[Round "3.12"]
[White "Abasov, Nijat Azad"]
[Black "Bluhm, Sonja Maria"]
[Result "1-0"]
[WhiteElo "2561"]
[BlackElo "2276"]
[PlyCount "93"]
[EventDate "2017.01.??"]
[EventType "swiss"]
[EventRounds "9"]

1. e4 e5 2. Nf3 Nc6 3. Bb5 a6 4. Ba4 Nf6 5. O-O Be7 6. Re1 b5 7. Bb3 d6 8. c3
O-O 9. h3 Nb8 10. d4 Nbd7 11. Nh4 Bb7 12. Nf5 Re8 13. Bg5 Bf8 14. Nd2 c5 15. d5
h6 16. Be3 Kh7 17. g4 g6 18. Ng3 Bg7 19. h4 Rh8 20. Qf3 Kg8 21. h5 Nf8 22. Ndf1
Bc8 23. Nh2 a5 24. Kh1 c4 25. Bd1 b4 26. Rc1 b3 27. axb3 cxb3 28. c4 a4 29. c5
Qa5 30. Rg1 a3 31. Ra1 Qb4 32. Rxa3 Rxa3 33. bxa3 Qxa3 34. c6 b2 35. Bc2 Qc3
36. Bb1 N8h7 37. Qe2 Ng5 38. f3 Kh7 39. Qd2 Qxd2 40. Bxd2 Nxf3 41. Nxf3 Bxg4
42. hxg6+ fxg6 43. Nh2 h5 44. Nxg4 Nxg4 45. Bb4 Rf8 46. Rf1 Rb8 47. c7 1-0

[Event "Schachfestival Basel"]
[Site "?"]
[Date "2017.01.03"]
[Round "3.13"]
[White "Hamblok, Roel"]
[Black "Bai, Jinshi"]
[Result "0-1"]
[WhiteElo "2294"]
[BlackElo "2560"]
[PlyCount "58"]
[EventDate "2017.01.??"]
[EventType "swiss"]
[EventRounds "9"]

1. e4 c5 2. Be2 Nc6 3. f4 e6 4. Nf3 d5 5. d3 g6 6. O-O Bg7 7. c3 Nge7 8. Na3
O-O 9. Qe1 b6 10. Nc2 Bb7 11. e5 d4 12. c4 f6 13. exf6 Bxf6 14. Nd2 Nf5 15. Ne4
Bg7 16. Rb1 e5 17. Ng5 Qd7 18. Bf3 Rae8 19. g4 Nh6 20. Qg3 Nd8 21. Bxb7 Nxb7
22. h3 Nf7 23. fxe5 Nxe5 24. Bf4 h6 25. Ne4 Nxc4 26. b4 g5 27. Bd2 Rxf1+ 28.
Rxf1 Rxe4 29. dxc4 Nd6 0-1

[Event "Schachfestival Basel"]
[Site "?"]
[Date "2017.01.03"]
[Round "3.14"]
[White "Bellahcene, Bilel"]
[Black "Keetman, Maaike"]
[Result "1-0"]
[WhiteElo "2493"]
[BlackElo "2232"]
[PlyCount "85"]
[EventDate "2017.01.??"]
[EventType "swiss"]
[EventRounds "9"]

1. d4 Nf6 2. c4 g6 3. Nc3 Bg7 4. e4 d6 5. h3 O-O 6. Nf3 e5 7. d5 Nh5 8. g3 Na6
9. Be2 f5 10. exf5 gxf5 11. Bg5 Qe8 12. Nh4 Nf6 13. g4 f4 14. Bxf6 Bxf6 15. g5
Bg7 16. Ne4 Nc5 17. Bf3 Qa4 18. Qxa4 Nxa4 19. O-O-O b6 20. Rd3 Nc5 21. Nxc5
bxc5 22. Be4 Bd7 23. Nf3 Rab8 24. h4 Bg4 25. h5 Bxf3 26. Rxf3 h6 27. gxh6 Bxh6
28. Rg1+ Kh8 29. Rg6 Bg7 30. h6 Bf6 31. Ra3 Rb7 32. h7 Bh4 33. f3 Bf2 34. Rc3
Rbb8 35. Kb1 Rf7 36. Rb3 Rff8 37. Rf6 Bd4 38. Rxf8+ Rxf8 39. Rb7 a5 40. Kc2 a4
41. b3 axb3+ 42. Kxb3 Rc8 43. Ka4 1-0

[Event "Schachfestival Basel"]
[Site "?"]
[Date "2017.01.03"]
[Round "3.15"]
[White "Schneider, Jana"]
[Black "Karthikeyan, P."]
[Result "0-1"]
[WhiteElo "2274"]
[BlackElo "2488"]
[PlyCount "118"]
[EventDate "2017.01.??"]
[EventType "swiss"]
[EventRounds "9"]

1. e4 Nc6 2. d4 e5 3. d5 Nce7 4. c4 Nf6 5. Nc3 Ng6 6. Nf3 Bb4 7. Bd3 Bxc3+ 8.
bxc3 d6 9. O-O O-O 10. Ne1 Nd7 11. Qh5 Nc5 12. Bc2 Qh4 13. Qxh4 Nxh4 14. Be3
Nd7 15. f3 a5 16. Ba4 b6 17. Nc2 Nb8 18. Na3 f5 19. Nb5 Na6 20. Na3 Ng6 21. Bc6
Rb8 22. Nb5 f4 23. Bf2 Ne7 24. Na7 Nxc6 25. Nxc6 Ra8 26. Ne7+ Kf7 27. Nxc8
Raxc8 28. Rab1 Nb8 29. Rfd1 Nd7 30. Kf1 g5 31. Ke2 h5 32. h3 Rg8 33. Rh1 Rg6
34. Rbg1 Rcg8 35. g4 fxg3 36. Rxg3 Nf6 37. Rgg1 Ke7 38. Ke3 Kd7 39. Ke2 Kc8 40.
a4 g4 41. Be3 gxh3 42. Rxg6 Rxg6 43. Rxh3 Kd7 44. Kf2 Ke8 45. Rh1 Kf7 46. Rh4
Rg8 47. Rh1 Rh8 48. Kg3 Nd7 49. Kh4 Rg8 50. Rh3 Rg2 51. Kxh5 Nf6+ 52. Kh4 Rc2
53. Rg3 Rxc3 54. Bh6 Ne8 55. Kh5 Rxc4 56. Rg5 Rc2 57. Kg4 Rh2 58. Rf5+ Nf6+ 59.
Kg5 Rh5# 0-1

[Event "Schachfestival Basel"]
[Site "?"]
[Date "2017.01.03"]
[Round "3.16"]
[White "Guennigmann, Manuel"]
[Black "Korpa, Bence"]
[Result "0-1"]
[WhiteElo "2183"]
[BlackElo "2473"]
[PlyCount "70"]
[EventDate "2017.01.??"]
[EventType "swiss"]
[EventRounds "9"]

1. e4 c5 2. Nf3 e6 3. d4 cxd4 4. Nxd4 a6 5. Bd3 Nf6 6. O-O d6 7. Qe2 Nbd7 8.
Nc3 Qc7 9. Kh1 b5 10. Bd2 Bb7 11. a3 g6 12. f4 Bg7 13. Nb3 O-O 14. a4 b4 15.
Nd1 a5 16. c3 e5 17. cxb4 axb4 18. Bxb4 exf4 19. Nc3 Nc5 20. Nb5 Qe7 21. Nxc5
dxc5 22. Bc3 Nh5 23. Bxg7 Kxg7 24. Nc3 Qg5 25. Qf3 Ng3+ 26. Kg1 Nxf1 27. Rxf1
Ba6 28. Bxa6 Rxa6 29. Qxf4 Qxf4 30. Rxf4 Rb8 31. Rf2 Rb4 32. Kf1 Ra7 33. Rc2
Rab7 34. Ke2 Rxb2 35. Rxb2 Rxb2+ 0-1

[Event "Schachfestival Basel"]
[Site "?"]
[Date "2017.01.03"]
[Round "3.17"]
[White "Collins, Sam"]
[Black "Paul, Mathias"]
[Result "1-0"]
[WhiteElo "2455"]
[BlackElo "2135"]
[PlyCount "65"]
[EventDate "2017.01.??"]
[EventType "swiss"]
[EventRounds "9"]

1. e4 c5 2. c3 b6 3. d4 Bb7 4. Bd3 Nf6 5. f3 e6 6. Be3 cxd4 7. cxd4 Nc6 8. Nc3
d6 9. Nge2 Be7 10. O-O O-O 11. Rc1 Rc8 12. Kh1 Re8 13. Ng3 Bf8 14. f4 g6 15. e5
Nd5 16. Nxd5 exd5 17. Qg4 Bg7 18. f5 dxe5 19. fxg6 fxg6 20. Bxg6 hxg6 21. Qxg6
Rc7 22. Nh5 Kh8 23. Bg5 Re6 24. Bxd8 Rxg6 25. Bxc7 Bh6 26. Rce1 e4 27. Rf7 Kg8
28. Rd7 Bd2 29. Rf1 Ba6 30. Rf6 Ne7 31. Rxe7 Rxf6 32. Nxf6+ Kf8 33. Bd6 1-0

[Event "Schachfestival Basel"]
[Site "?"]
[Date "2017.01.03"]
[Round "3.18"]
[White "Beukema, Jasper"]
[Black "Mesaros, Florian"]
[Result "1-0"]
[WhiteElo "2182"]
[BlackElo "2372"]
[PlyCount "29"]
[EventDate "2017.01.??"]
[EventType "swiss"]
[EventRounds "9"]

1. d4 d5 2. Bf4 Nf6 3. e3 c5 4. Nc3 Nc6 5. Nb5 Qa5+ 6. c3 Kd7 7. dxc5 e5 8. Bg5
Ke6 9. b4 Qd8 10. e4 d4 11. cxd4 exd4 12. Bc4+ Kd7 13. Nf3 Qe8 14. Nfxd4 Nxb4
15. Ne6+ 1-0

[Event "Schachfestival Basel"]
[Site "?"]
[Date "2017.01.03"]
[Round "3.19"]
[White "Kolb, Markus"]
[Black "Akshat, Kamparia"]
[Result "0-1"]
[WhiteElo "2091"]
[BlackElo "2358"]
[PlyCount "114"]
[EventDate "2017.01.??"]
[EventType "swiss"]
[EventRounds "9"]

1. c4 g6 2. g3 Bg7 3. Bg2 d6 4. Nc3 Nf6 5. e4 c5 6. Nge2 Nc6 7. O-O Nd7 8. d3
Nf8 9. Be3 Ne6 10. Qd2 h5 11. h4 Ned4 12. f3 Bd7 13. Rad1 a6 14. Bg5 Ne6 15.
Be3 Rb8 16. Nd5 b5 17. b3 Ned4 18. Nxd4 cxd4 19. Bf2 e6 20. cxb5 Rxb5 21. Nf4
O-O 22. Ne2 e5 23. Kh2 Qa5 24. Be1 Qa3 25. Rc1 Nb4 26. Rc7 Be6 27. Nc1 a5 28.
Bh3 Bxh3 29. Kxh3 Rc5 30. Rxc5 dxc5 31. g4 hxg4+ 32. fxg4 a4 33. h5 Nxa2 34.
Nxa2 axb3 35. Nc3 dxc3 36. Qxc3 Qb4 37. Qxb4 cxb4 38. Bxb4 Rd8 39. Kh4 gxh5 40.
gxh5 Rxd3 41. Rb1 Bh6 42. Ba3 f6 43. Rg1+ Kf7 44. Bc1 Bxc1 45. Rxc1 Kg7 46.
Rc7+ Kh6 47. Kg4 Re3 48. Kf5 Rf3+ 49. Ke6 Kxh5 50. Rb7 Kg4 51. Rb4 Kg3 52. Kd5
Kf2 53. Kc4 Ke2 54. Kb5 Kd2 55. Ka4 Kc2 56. Ka3 Rc3 57. Rb5 Rc7 0-1